[Event "40th Olympiad Open"]
[Site "Istanbul TUR"]
[Date "2012.08.29"]
[Round "2.10"]
[Board "4"]
[White "Mekhitarian, Krikor Sevag"]
[Black "Howell, David W L"]
[Result "1/2-1/2"]
[WhiteTitle "GM"]
[BlackTitle "GM"]
[WhiteElo "2511"]
[BlackElo "2635"]
[WhiteTeam "Brazil"]
[BlackTeam "England"]
[WhiteFideId "2107660"]
[BlackFideId "410608"]
[EventDate "2012.08.28"]

1. e4 e5 2. Nf3 Nc6 3. Bb5 Nf6 4. O-O Nxe4 5. d4 Nd6 6. Bxc6 dxc6 7. dxe5 Nf5 8.
Qxd8+ Kxd8 9. Nc3 Bd7 10. h3 b6 11. b3 Kc8 12. Bb2 h5 13. Rad1 Be7 14. Bc1 a5
15. Bg5 Bb4 16. Ne2 a4 17. c3 Ba3 18. Rd3 c5 19. Nf4 Bc6 20. Nd2 Bb2 21. f3 axb3
22. axb3 h4 23. Nc4 Ba1 24. Ne2 Kb7 25. Rdd1 Ra2 26. Rxa1 Rxe2 27. Rf2 Rxf2 28.
Kxf2 Bd5 29. Nd2 Re8 30. Bf4 Rd8 31. Bg5 Rd7 32. Rb1 Bc6 33. Nc4 Bd5 34. Ne3 Be6
35. Nxf5 Bxf5 36. Rc1 Rd5 37. Bxh4 Rxe5 38. Re1 Rd5 39. Re7 Be6 40. Ke3 Rd1 41.
b4 Rc1 42. Kd3 Bf5+ 43. Kc4 Be6+ 44. Kd3 Bf5+ 45. Kc4 cxb4 46. Kxb4 Be6 47. Bg3
Rb1+ 48. Ka4 Ra1+ 49. Kb4 Rb1+ 50. Ka4 Ka6 51. Rxc7 Ra1+ 52. Kb4 Rb1+ 53. Ka4
Ra1+ 54. Kb4 Rb1+ 55. Ka4 Bb3+ 56. Ka3 Kb5 1/2-1/2